| 000 | 00602nam a2200205Ii 4500 | ||
|---|---|---|---|
| 003 | JO-AjNU | ||
| 008 | 230606s9999||||xx |||||||||||||| ||und|| | ||
| 020 | _a0-395-36920-7 | ||
| 040 |
_aJO-AjNU _beng _erda _cJO-AjNU |
||
| 041 | _aeng | ||
| 050 | 1 | 4 | _aHF5679. S84 1989 |
| 100 | 3 |
_aSummers, Edward Lee, _eauthor _96791 |
|
| 245 | 0 | 0 | _aACCOUNTING INFORMATION SYSTEMS |
| 264 | 3 | 1 | _aBoston:Houghton Mifflin Company,1989 |
| 300 | _a784p | ||
| 336 |
_atext _btxt _2rdacontent |
||
| 337 |
_aunmediated _bn _2rdamedia |
||
| 338 |
_avolume _bnc _2rdacarrier |
||
| 650 | 4 |
_aAccounting -- Data processing _96792 |
|
| 999 |
_aE3538 _c3520 _d3520 |
||